Statistics for International Borders- Mountains

Click here to take the quiz!

General Stats

  • This quiz has been taken 16 times
  • The average score is 8 of 20

Answer Stats

Country ACountry BMountains / Range% Correct
FranceItalyAlps
100%
ArgentinaChileAndes
100%
GeorgiaRussiaCaucasus
93%
ChinaNepalHimalayas
87%
FranceSpainPyrenees
73%
PolandSlovakiaCarpathians
60%
NorwaySwedenScandinavian
47%
IraqIranZagros
40%
Bosnia and HerzegovinaDalmatia, CroatiaDinaric Alps
33%
ChinaKyrgyzstanTian Shan
33%
LesothoSouth AfricaDrakensberg
27%
ChinaPakistanKarakoram
27%
ChinaMongoliaAltai
20%
LaosVietnamAnnamese
20%
LebanonSyriaAnti-Lebanon
20%
New England, United StatesQuebec, CanadaAppalachians
20%
BulgariaGreeceRhodope
13%
CzechiaPolandSudetens
13%
BrazilGuyanaPacaraima
7%
Alaska, United StatesBritish Columbia, CanadaSaint Elias Mountains | Coast Mountains | Boundary Ranges
7%

Score Distribution

Percentile by Number Answered

Percent of People with Each Score

Your Score History

You have not taken this quiz